00520 2200169 4500245004000000020001800040250001100058100001500069650002600084005001900110260004200129041001400171084001100185500010300196490004200299336000900341 aComputer LanguagecNurhasanahhText a0-8094-7574-X aCet. 1 aNurhasanah aEnsiklopedia Komputer a20231031132827 bEnsiklopedia Nasional Indonesiac2012 aIndonesia a004.03 aDaftar Isi : Sejarah Pemograman Awal yang Berliku-liku, Tiga Raksasa Komersial, Glosarium, Indeks. aSeri Informasi Komputer dan Teknologi atext